Guess the Flags in the Dark - Statistics

General Stats
  • This quiz has been taken 23 times
  • The average score is 12 of 15
Answer Stats
Picture Hint Answer % Correct
Moldova
100%
Democratic Republic of the Congo
90%
Liechtenstein
90%
South America Peru
90%
San Marino
90%
Syria
90%
Dominican Republic
86%
Luxembourg
86%
Nicaragua
86%
Antigua And Barbuda
81%
Eritrea
81%
You have found a Flashlight so you're able to see clearly Timor-Leste
76%
Fiji
71%
Your Flashlight ran out of battery Comoros
62%
Rwanda
62%
No matching quizzes found
Score Distribution
Percent of People with Each Score
Percentile by Number Answered
Your Score History
You have not taken this quiz